Fini les paroles : Jul - Statistiques

Statistiques générales
  • Ce quiz a été pris 897 fois
  • Le résultat moyen est 11 sur 30
Statistiques - réponses
Chansons Nombre de mots manquants Paroles Réponse % Correct
Tu la love 1 Et elle en profite Oui, ça va trop vite Elle t'fait croire qu'elle est chez sa... Cousine
92%
Ma jolie 2 Ma jolie elle rend fou les hommes quand elle passe dans la zone J'ai encore sa voix qui résonne, qu'est-ce qu'elle est belle ma jolie À personne elle ressemble, en plus j'aime bien... Son caractère
84%
J’oublie tout 1 Sache qu'avant tout j'suis pauvre, y'a qu'mon cœur à piquer J'veux Shakira comme Piqué Vas-y rends-moi mon... Briquet
81%
Toi et moi 1 Je t'ai vue pour la deuxième fois Sur une vue où on voit tout Marseille Avec tes yeux aussi noirs que ma... Twingo
71%
Tchikita 2 Elle a passé toute la nuit à m'peloter Elle est pas dans l'même del que les filles d'à côté J'la regarde dans les yeux en sirotant... Mon cocktail
59%
Sousou 1 J'vais mettre les vitres teintées, ils m'ont tous saoulé J'ai vu ton vice, j'ai vu tes manières, poto, t'es bizarre, j'sais pas où t'as mal J'ai vu sa tête, le matin, le soir, j'ai vu son gros boule dans le... Pyjama
57%
Pow Pow 1 1-3, c'est Medellín, rien qu'il pleut des balles
J'fumais d'la frappe, elle m'a mis une claque
J'suis dans l'RS4, direction l'...
Espagne
51%
Wesh alors 3 Wesh le sang, wesh la honda Mes sons tournent à la Jonque' Tu m'as trahis mais t'es... Un bon gars
50%
Ma che beauté 4 Mais tu restes ma beauté Ma beauté qu'elle est belle, je ferais tout pour elle Beauté du haut level, avec... Un corps de rêve
47%
Sous la lune 2 J'ai beau séduire, moi j'suis pas là par hasard C'est pas pour rien tout c'qu'il y a dans la zargue Mon p'tit pochon à cinq heures dans... Le sac
41%
Oh qu’elle est belle 1 S'il faut, pour toi tout je laisse Dans mon cœur, j'ai reçu la flèche Cheveux longs, yeux couleur... Noisette
41%
Amnésia 2 J'fume ma critical Pendant qu'toi tu m'critiques Petit... Oasis tropical
40%
La bandite 4 Elle veut la bague, mais moi je bug Que elle tourne la BAC, en boucle Sont même sur... Snap et sur Facebook
40%
On m'appelle l'ovni 1 Je suis parti, je squatte plus le béton J'aide mes potes qui sont bés-tom Je sers, que ça retourne son... Veston
40%
Un jour, je l'aurai 2 Parce que tu m'as supporté même quand j'avais pas l'Lamborghini Quand tu t'énerves, j'm'en vais, j'ai une larme Et même si j'ai les nerfs, jamais j'frapperais une... Femme mignonne
39%
Phénoménal 3 Le rap, j'étudie Poto, qu'est-ce qu'tu dis? J'vais faire des sous jusqu'à... Construire un building
37%
Drôle de dame 4 Ouais, ouais même pas si elle te love Ça va faire trois ans que t'es avec elle Tu la vois qu'... Trois fois par semaine
36%
C'est la cité 3 Et elle voulait s'en aller Dans mon dos, ça parle, dans mon dos, ça parle, ah Comme des pipelettes au bar, que des... Fils à Escobar
31%
Avant la douane 2 Y a eu les voisins qui flippent La jalousie des autres cliques Parc'que les petits faisaient... Du fric
30%
C'est le son de la gratte 3 T'inquiète pas, je roule, je fais mon pét' Si je traine pas, c'est que je vous sens plus Tu me rabaisses, bah... Niques tes ancêtres
28%
JCVD 2 J'ai pas le salaire d'un joueur de ballon J'ai pas encore deux tigres dans le salon J'ai pas changé je... Représente toujours
26%
Dans ma paranoïa 3 Tu fais le voleur, tu fais mal les fils Tu fais le coinceur, tu connais mal les filles Elle sont... Traîtres et maléfiques
22%
Ibiza 4 J'fais des tours dans l'RS3 le soir Ça me reconnaît J'refuse pas... La photo le sang
18%
Dans la légende 1 Le flic me dit "c'est qui lui?", j'sais pas, j'connais pas Ils m'critiquent mais j'tiens les rennes J't'ai tout dit, j'mets survêt' du Réal à celui de... Rennes
14%
Toto et Ninetta 3 Donc beh là poto faut pas qu'tu la déçois Elle te câlinait quand tu dormais Elle voit que par toi, elle veut... Vieillir avec toi
14%
Zubrowska 1 Un peu d'alcool, elle fait sa folle et avec ton pote elle finit à bébé Elle te jure sur sa mère, son père et même sur son pépé T'as posé un point ce soir, t'as même pas vu ses... Tétés
12%
Beuh magique 1 Il s'fait des pompes, les pecs comme Trunks
J'en ai marre du rap, j'me mets d'la funk
Si j'arrête le rap, j'vois la vie en...
Pink
10%
Triste everyday 3 J'fume le dernier et j'vais me coucher Tu parles sur moi, tu crois qu'ça va me toucher Tu rigoles quand les malheurs... Tombent sur moi
10%
Cœur blanc 5 J'ai un grand cœur blanc et ils ont du mal à m'accepter Comme destin de Lisa J'préfère m'acheter une vue sur la mer qu'... Une vue à l'Élysée
8%
Cagoulé 3 C'est fin, si j'étais d'Sevran j'dirai j'baise le rap çais-fran, ouais Chacun ses fonds, ouais, chacun ses fans Depuis qu'y a les euros, peu d'... Mecs sont francs
7%
Aucun quiz correspondant
Distribution des résultats
% des personnes avec chaque résultat
Percentile par nombre de réponses
Votre historique - résultats
Vous n’avez pas pris ce quiz